000 00561nas a2200217 4500
001 BR9509298
003 BR-BrBNA
005 20231205094541.0
007 ta
008 230509b bl.|||p| |||| 00| 00por d
040 _aBR-BrBNA
_bpor
_cBiblioteca Nacional de Agricultura
041 _a(Pt)
072 _aQ05
100 1 _aFaim, I.I.
245 1 _aEspeciarias
650 _aTempero
650 _aCondimento
773 0 _tNatureza (Brazil)
_x
_g(Nov 1993), v. 6(70) p. 26-30
_wBR9509298
909 _a202311
_bLúcia
_c55
_dLúcia Elande
942 _2AGRIS
_n0
_cANA
999 _c145173
_d145173